Detalles MARC
| 000 -LÍDER |
| Campo fijo de descripción fija |
02550nam a2200409 i 4500 |
| 001 - NÚMERO DE CONTROL |
| Campo de control |
768714001 |
| 003 - IDENTIFICADOR DEL NÚMERO DE CONTROL |
| Campo de control |
CO-MdFUSB |
| 005 - FECHA Y HORA DE LA ULTIMA TRANSACCIÓN |
| control field |
20220711100429.0 |
| 007 - CAMPO FIJO DE DESCRIPCIÓN FIJA--INFORMACIÓN GENERAL |
| Campo fijo de descripción fija |
ta |
| 008 - ELEMENTOS DE LONGITUD FIJA -- INFORMACIÓN GENERAL |
| Campo fijo de descripción fija -- Información general |
880804t1987 cau b 001 0 eng |
| 020 ## - NÚMERO INTERNACIONAL NORMALIZADO PARA LIBROS |
| Número Internacional Normalizado del libro |
0804714045 |
| 040 ## - FUENTE DE CATALOGACIÓN |
| Agencia de catalogación original |
DLC |
| Agencia que realiza la transcripción |
CO-MdFUSB |
| Agencia que realiza la modificación |
FPD |
| Idioma de catalogación |
spa |
| Convenciones de la descripción |
rda |
| 041 1# - CÓDIGO DE IDIOMA |
| Código de idioma para texto/pista de sonido o título separado |
eng |
| Código de idioma original |
ita |
| 082 ## - NÚMERO DE CLASIFICACIÓN DECIMAL DEWEY |
| Número de la edición del Dewey |
23 |
| Número de clasificación |
223.106 |
| Clave de autor-Numero de item |
G518 |
| 100 1# - ASIENTO PRINCIPAL--NOMBRE PERSONAL |
| Nombre personal |
Girard, René, |
| Fechas asociadas con el nombre |
1923-2015. |
| Término relacionador |
autor |
| 245 10 - TÍTULO |
| Título del Material |
Job |
| Parte restante del título - Subtitulo |
: the victim of his people / |
| Mención de responsabilidad, etc. |
René Girard ; traducido por Yvonne Freccero. |
| 264 #1 - PRODUCCIÓN, PUBLICACIÓN, DISTRIBUCIÓN, MANUFACTURA, Y COPYRIGHT |
| Lugar de producción, publicación, distribución, manufactura |
Stanford, Calif. : |
| Nombre del productor, publicador, distribuidor |
Stanford University Press, |
| Fecha de producción, publicación, distribución, manufactura, o copyright |
[1987] |
| 264 #4 - PRODUCCIÓN, PUBLICACIÓN, DISTRIBUCIÓN, MANUFACTURA, Y COPYRIGHT |
| Fecha de producción, publicación, distribución, manufactura, o copyright |
© 1987 |
| 300 ## - DESCRIPCIÓN FÍSICA |
| Extensión |
173 páginas ; |
| Dimensiones |
23 cm. |
| 336 ## - TIPO DE CONTENIDO |
| Fuente |
rdacontent |
| Término de tipo de contenido |
texto |
| Código de tipo de contenido |
txt |
| 337 ## - TIPO DE MEDIO |
| Fuente |
rdamedia |
| Nombre del tipo de medio |
sin mediación |
| Código del tipo de medio |
n |
| 338 ## - TIPO DE SOPORTE |
| Fuente |
rdacarrier |
| Nombre del tipo de soporte |
volumen |
| Código Tipo de soporte |
nc |
| 500 ## - NOTA GENERAL |
| Nota General |
Traducción de: La route antique des hommes pervers. |
| 504 ## - NOTA DE BIBLIOGRAFÍA, ETC. |
| Nota de bibliografía, etc |
Bibliografía: pág. [169]-170. |
| 505 ## - NOTA DE CONTENIDO |
| Título |
Primera parte: El caso de Job:<br/> |
| Nota de contenido con formato preestablecido |
Job la víctima de su pueblo. -- Job el ídolo de su pueblo. -- El antiguo sendero recorrido por los malvados. |
| 505 ## - NOTA DE CONTENIDO |
| Título |
Segunda parte: Mitología y verdad:<br/> |
| Nota de contenido con formato preestablecido |
Los ejércitos celestiales. -- Realismo y transfiguración. -- Edipo y Job. -- Jezabel pisoteada hasta la muerte bajo los cascos de los caballos |
| 505 ## - NOTA DE CONTENIDO |
| Título |
Tercera parte: Mimetismo: |
| Nota de contenido con formato preestablecido |
Todo un país poseído por la danza de san Vito. -- Salmo 73. -- El torrente de las montañas. |
| 505 ## - NOTA DE CONTENIDO |
| Título |
Cuarte parte: Del mecanismo ritual: |
| Nota de contenido con formato preestablecido |
El tofet público. -- El huérfano elige por perdido. -- Origen y repetición. -- Job y el Rey sagrado. -- La evolución del rito. |
| 520 ## - NOTA DE RESUMEN, ETC. |
| Nota de sumario, etc. |
¿Qué sabemos del Libro de Job? No mucho. El héroe se queja sin cesar. Acaba de perder a sus hijos todo su ganado. Se rasca las úlceras. Las desgracias de las que se queja están todas debidamente enumeradas en el prólogo. Son desgracias que le trae Satanás con el permiso de Dios. Creemos que lo sabemos, pero ¿estamos seguros? Ni una sola vez en los Diálogos Job menciona a Satanás ni nada acerca de sus fechorías. ¿Podría ser que están demasiado en su mente para mencionarlos? Posiblemente, sin embargo, Job menciona todo lo demás y hace mucho más que mencionar. Se detiene mucho en la causa de su desgracia, que no es ninguna de las mencionadas en el prólogo. La causa no es divina, ni satánica ni física, sino meramente humana. |
| 563 ## - NOTA DE ENCUADERNACIÓN |
| Nota de encuadernación |
Pasta dura |
| 630 #7 - TITULO UNIFORME |
| Título uniforme |
Biblia. |
| Nombre de parte o sección de la obra |
Job |
| Subdivisión de materia general |
Crítica, interpretación, etc. |
| 653 ## - TÉRMINO DE INDIZACIÓN - NO CONTROLADO |
| Término no controlado |
Sacrificio humano |
| 700 ## - ASIENTO SECUNDARIO - NOMBRE PERSONAL |
| 9 (RLIN) |
6366 |
| Nombre personal |
Freccero, Yvonne. |
| Responsabilidad |
traductor |
| 942 ## - TIPO DE MATERIAL (KOHA) |
| Tipo de Item KOHA |
Libros General |
| 945 ## - INFORMACIÓN LOCAL DEL REGISTRO |
| Catalogador |
JTF-925 |